000 00778nac a22002531u 4500
999 _c263
_d263
003 EG-ScBUE
005 20210307121933.0
008 200219s1988 le f 000 1 eng d
040 _aEG-ScBUE
_beng
_erda
_cEG-ScBUE
_dEG-ScBUE
082 0 4 _a823
_bJON
_222
100 1 _aJonson, Ben,
_d1573?-1637,
_eauthor.
245 1 0 _aVolpone :
_bwith an introduction, a guide, notes and a glossary /
_cBen Jonson.
264 1 _aBeirut :
_bYork Press,
_c1988.
300 _axxiii, 198 pages ;
_c24 cm.
336 _2rdacontent
_atext
_btxt
337 _2rdamedia
_aunmediated
_bn
338 _2rdacarrier
_avolume
_bnc
490 0 _aYork classics
650 7 _aEnglish fiction.
_2BUEsh
651 _2BUEsh
653 _bHHUUEENN
655 _vReading book
_934232
942 _cBB
_k823J81
_2ddc